100 QUOTES - Harry Potter and the Deathly Hallows Part 1 - Statistics

General Stats
  • This quiz has been taken 237 times
  • The average score is 65 of 100
Answer Stats
Quote Character % Correct
Harry doesn't want to talk to us right now. He's just too polite to say so. Luna
87%
Bill, look away. I'm hideous. Fleur
83%
You're lying, Dolores. And one mustn't tell lies. Harry
83%
Where am I supposed to find a tent? Harry
83%
I want to bury him...properly...without magic. Harry
83%
He could smell it, my perfume. Hermione
83%
That treacherous little bleeder. Is there no one we can trust? Ron
83%
My lord. I'd like to volunteer myself for this task. I want to kill the boy. Bellatrix
78%
Mad Eye's dead. Bill
78%
It sets my teeth on edge. What's he expecting to hear, good news? Harry
78%
Harry, there's someone watching us...by the church. Hermione
78%
"There were once three brothers...who were traveling along a lonely, winding road at twilight." Hermione
78%
I believe you're familiar with this particular brew. Mad Eye
78%
We flush ourselves in. That's bloody disgusting. Ron
78%
I'm not drinking any more of that stuff, hot or cold. Ron
78%
Oh, of course not. I only just destroyed a bloody Horcrux. Why would that change anything? Ron
78%
Oh, my god. What am I gonna do? My wife's all alone downstairs. Ron
78%
But I think that's why Dumbledore left it to me. The Deluminator. I think he knew that somehow I'd need it to find my way back, and she'd lead me. Ron
78%
Albert, aren't you getting out? Umbridge
78%
W-well, it's the sign of the Deathly Hallows, of course. Xenophilius
78%
Owe it all to a werewolf name of Greyback. Hope to repay the favor one day. Bill
74%
The whole wide world of ear-related humor and you go for "I'm holy." That's pathetic. Fred
74%
Mooorning. George
74%
It seems silly, doesn't it, a wedding? Given everything that's going on. Ginny
74%
I brought you here 16 years ago when you were no bigger than a bowtruckle. Hagrid
74%
I'd say if we don't locate Umbridge within the hour, we go find Ron and come back another day. Harry
74%
Harry, your eyesight really is awful. Hermione
74%
Try "Finite Incantatem." Hermione
74%
Don't ever let me give you a haircut again. Hermione
74%
I'm always mad at him. Hermione
74%
"Harry is the best hope we have. Trust him." Lupin
74%
Can I help it if Mad Eye fell of his broom? Mundungus
74%
By the way, these jeans, not my favorite. Ron
74%
Tonight's not the night, mate. We'd only be doing him a favor. Ron
74%
You're lying. Wands only choose witches and you are not a witch. Umbridge
74%
"My lord"? I require your wand. Voldemort
74%
I want to have a little conversation with this one. Girl-to-girl! Bellatrix
70%
How dare you take a witch's wand?! How dare you defy your masters?! Bellatrix
70%
Such a beautiful place...to be with friends. Dobby
70%
Saint-like. I'm holy. I'm holey. George
70%
I appreciate the thought, but, really, given the fact that we were almost killed by a couple of death eaters a few minutes ago... Harry
70%
Engorgio. Reducio! Harry
70%
You've been spying on us, have you? Harry
70%
Well, just keep talking about that little ball of light touching your heart... and she'll come round. Harry
70%
You dare to talk to me like that in my own house?! Lucius
70%
Nip it, Mundungus! Mad Eye
70%
This is Dolohov. I recognize him from the wanted posters. Ron
70%
I have seen your heart and it is mine. I have seen your dreams, Ronald Weasley, and I have seen your fears. Tom Riddle
70%
Together, they make the Deathly Hallows. Together, they make one master of Death. Xenophilius
70%
Master Weasley...so good to see you again. Dobby
65%
Yeah. Imagine if something went wrong and we ended up a scrawny, specky git forever. George
65%
Ah. That'll be the books. Hermione
65%
And how is it that you just happen to have the sword of Gryffindor? Hermione
65%
Probably Mad Eye's idea...case Snape decided to come snooping. Hermione
65%
Just remember, Fleur. Bill takes his steaks on the raw side now. Lupin
65%
There I was, flogging me wares, in Diagon Alley, when some ministry hag comes up and asks to see me license. Mundungus
65%
Shut up. Get back. You. Goblin. Come with me. Pettigrew
65%
And you? Are you coming, or are you staying? Ron
65%
You're a thief, dung. Everyone knows it. Ron
65%
Hello, beautiful. Well, don't hang about! Snatch em! Scabior
65%
What happened to you ugly? No, not you. Scabior
65%
Your ministry...remains...strong. Scrimgeour
65%
The ministry has fallen. The minister of magic...is dead. They are coming. They are coming. Shacklebolt
65%
What's wrong with his face? Draco
61%
Are you mad?! A-a Grindylow. Harry
61%
Take it off! I said take it off, now. Hermione
61%
That's a curious thing to keep in your sock. Luna
61%
Hey, losers...he isn't here. Neville
61%
Now, we won't be forgetting who actually caught him, I hope, Mr. Malfoy. Scabior
61%
I've been told he's been given every manner of protection possible. Once there, it will be impractical to attack him. Snape
61%
Cattermole. It's still raining inside my office. That's two days now. Yaxley
61%
Have a lot of experiences with that, do you, Mad Eye? Just trying to diffuse the tension. Fred
57%
Bloody hell. What's the minister of magic doing here. George
57%
The Elder Wand lies with him, of course. Buried in the earth. Dumbledore. Grindelwald
57%
They were on us right from the start, Molly. We didn't stand a chance. Hagrid
57%
Never mind why he's got my wand! Hermione
57%
You filthy Mudblood! Death eaters are coming..Ah, blood traitor, Weasley. Kreacher
57%
I've interrupted a deep thought, haven't I? I can see it growing smaller in your eyes. Luna
57%
There. Now he could be sleeping. Luna
57%
There's no way out of here. We've tried everything. It's enchanted. Ollivander
57%
Have you tried an umbrella. Ron
57%
And, in any event, the current whereabouts of the sword are unknown...The sword is missing. Scrimgeour
57%
This is completely mental. Harry
52%
Spoken like a true politician. Voldemort
52%
Meet me at the top of the stairs in 10 seconds. Dobby
48%
It was a boy. It was he who took it. I never saw it again. I swear on my life. Gregorovitch
48%
Yeah, he's absolutely gorgeous. What say we get undercover before someone murders him? Mad Eye
48%
One hears many things, my lord. Wether the truth is among them is not clear. Pius
48%
Deserves that. Brilliant, he was. I wouldn't be standing here without him. Tonks
48%
My father will hear about this. Cormac
43%
I-I still don't understand why we have to leave. Dudley
43%
Yes, it's all very touching. Let's go! Mad Eye
43%
I heard differently my Lord. Yaxley
43%
Liar! Bellatrix
39%
This is a false trail. Snape
39%
Uh, gnome saliva is very beneficial. Xenophilius
39%
Technically, I've been coerced. Mundungus
35%
But know this, you have nothing to fear...if you have nothing to hide. Pius
35%
A monstrous betrayal. Elphias
30%
Bleeding bow and all. Mundungus
26%
No matching quizzes found
Score Distribution
Percent of People with Each Score
Percentile by Number Answered
Your Score History
You have not taken this quiz